LEADER 01588nam0 22003013i 450 001 VAN0112934 005 20171212033524.4 010 $a978-88-916179-6-5 100 $a20171212d2017 |0itac50 ba 101 $aita 102 $aIT 105 $a|||| ||||| 200 1 $aˆIl ‰Codice dei contratti pubblici commentato con la giurisprudenza e la prassi$eaggiornato al Decreto Correttivo (D.Lgs$h19 aprile 2017$in$h56)$fOrnella Cutajar, Alessandro Massari$gin appendice provvedimenti attuativi e interpretativi, tabelle sinottiche 210 $aSantarcangelo di Romagna$eRN$cMaggioli$d2017 215 $a1707 p.$d24 cm$e1 carta. 410 1$1001VAN0098310$12001 $aAppalti & contratti$1210 $aSantarcangelo di Romagna$cMaggioli.$v20 620 $dSantarcangelo di Romagna$3VANL000123 700 1$aCutajar$bOrnella$3VANV087118$0742079 701 1$aMassari$bAlessandro$3VANV087119$0297520 712 $aMaggioli $3VANV108045$4650 801 $aIT$bSOL$c20230616$gRICA 899 $aBIBLIOTECA DEL DIPARTIMENTO DI ECONOMIA$1IT-CE0106$2VAN03 899 $aBIBLIOTECA DEL DIPARTIMENTO DI GIURISPRUDENZA$1IT-CE0105$2VAN00 912 $aVAN0112934 950 $aBIBLIOTECA DEL DIPARTIMENTO DI GIURISPRUDENZA$d00CONS IX.B.27 $e00UBG25551 20180619 950 $aBIBLIOTECA DEL DIPARTIMENTO DI ECONOMIA$d03PREST IVBm8 $e03BDE1583 20171212 996 $aCodice dei contratti pubblici commentato con la giurisprudenza e la prassi$91473956 997 $aUNICAMPANIA